000 00840nam a2200229Ii 4500
003 JO-AjNU
008 230605s9999||||xx |||||||||||||| ||und||
017 _a4323/8/2022
020 _a978-9923-779-52-1
040 _aJO-AjNU
_bara
_erda
_cJO-AjNU
041 _aara
050 1 4 _aHD30.213.2023
100 3 _aالطائي، عادل محمد، م.مشارك منذر خضر المهتدي,
_eauthor
_963957
245 0 0 _aتنظيم المعلومات=Organizing Information
250 _aط1
264 3 1 _aعمان: زاد ناشرون وموزعون، 2023
300 _a177ص
336 _atext
_btxt
_2rdacontent
337 _aunmediated
_bn
_2rdamedia
338 _avolume
_bnc
_2rdacarrier
650 4 _aادارة المعلومات-نظم المعلومات الادارية-قاعدة المعلومات-الادارة
_963958
999 _aA29037
_c32605
_d32605